Plan General de Contabilidad : Real Decreto 1643/1990 de 20 de diciembre Real Decreto 1643/1990 de 20 de diciembre
ISBN:
84-86829-42-9
Descripción Física:
417 p. ; 24 cm
Otros Autores:
Centro de Estudios Financieros
MARC
| LEADER | 00000nam a2200000Ia 4500 | ||
|---|---|---|---|
| 001 | 10915 | ||
| 008 | 160829s9999 xx 000 0 cat d | ||
| 020 | |a 84-86829-42-9 | ||
| 080 | |a C-2-30 | ||
| 245 | |a Plan General de Contabilidad : |b Real Decreto 1643/1990 de 20 de diciembre | ||
| 260 | |a Madrid: |b Barcelona : |b Centro de Estudios Financieros, DL 1991 | ||
| 300 | |a 417 p. ; |c 24 cm | ||
| 650 | |a Comptabilitat |x Dret i legislació |x Espanya |9 34433 | ||
| 650 | |a Espanya. Plan General de Contabilidad (1990) |9 34434 | ||
| 700 | |a Centro de Estudios Financieros |9 34435 | ||
| 901 | |a Arxiu | ||
| 942 | |n 1 | ||
| 952 | |0 0 |1 0 |4 0 |6 C230 |7 1 |9 46509 |a Arxiu |b Arxiu |d 2016-12-01 |l 0 |o C-2-30 |p 10915 |r 2016-12-01 00:00:00 |w 2016-12-01 |y ARXIU | ||
| 999 | |c 50300 |d 50300 | ||